| 000 | 00746nam a2200217 i 4500 | ||
|---|---|---|---|
| 001 | bg | ||
| 245 | 0 | 0 |
_aReklama i Media w Polsce 2000 = _bAdversting & media in Poland : merkuriusz polski. _c[red. Katarzyna Fijałkowska et al.] _n[T. 1, _pReklama] / |
| 260 |
_aWarszawa : _bMerkuriusz Polski, _c2000. |
||
| 300 |
_a559 s. : _bil. ; _c31 cm. |
||
| 500 | _aTyt. równol.: "Adversting & media in Poland". | ||
| 504 | _aIndeksy. | ||
| 650 | 9 |
_aReklama _zPolska _ystan na 2000 r. |
|
| 650 | 9 |
_aŚrodki masowego przekazu _zPolska _ystan na 2000 r. |
|
| 700 | 1 |
_aFIJAŁKOWSKA, Katarzyna. _eRed. |
|
| 020 | _a8391210839 | ||
| 040 | _cBPK | ||
| 041 | 0 |
_apol _beng |
|
| 920 | _a83-912108-3-9 | ||
| 942 | _cKA | ||
| 008 | s pl f |000 0 pol | ||
| 999 |
_c35206 _d35206 |
||
| 856 |
_uhttp://koha.tu.koszalin.pl/cgi-bin/koha/opac-detail.pl?biblionumber=35206 _yKatalog online BPK |
||